Disney Channel TV Shows by Character - Statistics

General Stats
  • This quiz has been taken 1,777 times
  • The average score is 7 of 12
Answer Stats
Characters Show % Correct
Luke, Bertram, Mrs. Kipling Jessie
95%
PJ, Teddy, Bob Good Luck Charlie
90%
Baljeet, Dr. Doofenshmirtz, Isabella Phineas and Ferb
85%
Chyna, Lexi, Fletcher A.N.T. Farm
82%
Trish, Kira, Dez Austin & Ally
79%
CeCe, Deuce, Tinka Shake It Up
78%
Mabel, Soos, Grunkle Stan Gravity Falls
63%
Joey, Parker, Karen Liv and Maddie
62%
Avery, Bennett, Chloe Dog with a Blog
45%
Lindy, Jasmine, Logan I Didn't Do it
29%
Jocktopus, Albert, Clamantha Fish Hooks
20%
Wander, Sylvia, Commander Peepers Wander over Yonder
15%
No matching quizzes found
Score Distribution
Percent of People with Each Score
Percentile by Number Answered
Your Score History
You have not taken this quiz